Govt. of
Madhya Pradesh

Ethics, Integrity and Aptitude for civil services Main Exam (Record no. 63339)

MARC details
000 -LEADER
fixed length control field 00289nam a22001097a 4500
082 ## - DEWEY DECIMAL CLASSIFICATION NUMBER
Classification number 300
100 ## - MAIN ENTRY--AUTHOR NAME
Personal name Karthikeyan, M
245 ## - TITLE STATEMENT
Title Ethics, Integrity and Aptitude for civil services Main Exam
260 ## - PUBLICATION, DISTRIBUTION, ETC. (IMPRINT)
Place of publication Chennai
Name of publisher McGraw Hill
Year of publication 2020
650 ## - SUBJECT ADDED ENTRY--TOPICAL TERM
Topical Term Social
942 ## - ADDED ENTRY ELEMENTS (KOHA)
Koha item type Books
Holdings
Withdrawn status Lost status Damaged status Not for loan Home library Current library Date acquired Cost, normal purchase price Full call number Accession Number Price effective from Koha item type
        MACL MACL 22/09/2020 445.00 300 GCLC00836 22/09/2020 Books
        MACL MACL 22/09/2020 445.00 300 GCLC00837 22/09/2020 Books